[Event "44th BAN-ch OMICON 2018"]
[Site "Dhaka"]
[Date "2018.11.28"]
[Round "5"]
[White "Rahman, Ziaur"]
[Black "Abu Sufian, Shakil"]
[Result "1-0"]
[WhiteElo "2468"]
[BlackElo "2230"]
[Annotator "RC"]
[PlyCount "135"]
[EventDate "2018.11.24"]
[EventType "swiss"]
[EventCountry "BAN"]
[SourceTitle "playchess.com"]
[Source "ChessBase"]
[SourceQuality "1"]
[TimeControl "40/5400+30:1800+30"]

1. Nf3 {[%emt 0:00:16]} d5 {[%emt 0:00:00]} 2. g3 {[%emt 0:01:07]} Nf6 {[%emt 0:00:03]} 3. Bg2 {[%emt 0:00:12]} e6 {[%emt 0:00:33]} 4. O-O {[%emt 0:01:05]} Be7 {[%emt 0:00:28]} 5. d3 {[%emt 0:03:19]} O-O {[%emt 0:00:17]} 6. Nbd2 {[%emt 0:01:05]} c5 {[%emt 0:00:19]} 7. e4 {[%emt 0:00:47]} Nc6 {[%emt 0:00:11]} 8. Re1 {[%emt 0:00:09]} b5 {[%emt 0:00:59]} 9. e5 {[%emt 0:01:58]} Nd7 {[%emt 0:00:09]} 10. Nf1 {[%emt 0:00:19]} Bb7 {[%emt 0:00:29]} 11. h4 {[%emt 0:00:39]} Qc7 {[%emt 0:00:15]} 12. Bf4 {[%emt 0:00:29]} Rfc8 {[%emt 0:00:06]} 13. Ne3 {[%emt 0:04:26]} Qd8 {[%emt 0:00:25]} 14. c4 {[%emt 0:03:26]} bxc4 {[%emt 0:14:35]} 15. dxc4 {[%emt 0:00:08]} Nb6 {[%emt 0:00:44]} 16. Ng5 {[%emt 0:11:25]} h6 {[%emt 0:08:59]} 17. cxd5 {[%emt 0:03:04]} exd5 {[%emt 0:01:00]} 18. Nxf7 {[%emt 0:13:06]} Kxf7 {[%emt 0:00:18]} 19. Bxh6 {[%emt 0:01:08]} Nd4 {[%emt 0:11:26]} 20. e6+ {[%emt 0:14:57]} Nxe6 {[%emt 0:02:44]} 21. Qh5+ {[%emt 0:07:31]} g6 {[%emt 0:03:40]} 22. Qf3+ {[%emt 0:00:15]} Kg8 {[%emt 0:13:41]} 23. Qg4 {[%emt 0:02:03]} Nf8 {[%emt 0:01:55]} 24. Nf5 {[%emt 0:01:38]} Rc7 {[%emt 0:05:47]} 25. Re6 {[%emt 0:03:44]} Bg5 {[%emt 0:08:04]} 26. Rxg6+ {[%emt 0:10:40]} Nxg6 {[%emt 0:00:06]} 27. Bxg5 {[%emt 0:00:03]} Qe8 {[%emt 0:06:58]} 28. Bf4 {[%emt 0:00:51]} Rc6 {[%emt 0:04:18]} 29. h5 {[%emt 0:01:15]} Bc8 {[%emt 0:00:11]} 30. hxg6 {[%emt 0:00:10]} Bxf5 {[%emt 0:00:26]} 31. Qxf5 {[%emt 0:00:05]} Qxg6 {[%emt 0:00:26]} 32. Bxd5+ {[%emt 0:00:26]} Nxd5 {[%emt 0:00:08]} 33. Qxd5+ {[%emt 0:00:03]} Qe6 {[%emt 0:00:30]} 34. Qg5+ {[%emt 0:01:59]} Qg6 {[%emt 0:01:35]} 35. Qd5+ {[%emt 0:00:36]} Qe6 {[%emt 0:00:10]} 36. Qh5 {[%emt 0:04:43]} Qg6 {[%emt 0:02:17]} 37. Qf3 {[%emt 0:01:35]} Re8 {[%emt 0:00:57]} 38. Rd1 {[%emt 0:00:51]} Qe4 {[%emt 0:09:09]} 39. Qh5 {[%emt 0:00:23]} Qg6 {[%emt 0:00:49]} 40. Qf3 {[%emt 0:00:00]} Qe4 {[%emt 0:00:00]} 41. Qc3 {[%emt 0:11:14]} Qb4 {[%emt 0:11:18]} 42. Qc1 {[%emt 0:06:26]} Qe4 {[%emt 0:06:44]} 43. Bd2 {[%emt 0:03:01]} c4 {[%emt 0:09:03]} 44. Bc3 {[%emt 0:02:41]} Rg6 {[%emt 0:00:30]} 45. Re1 {[%emt 0:03:27]} Qc6 {[%emt 0:00:30]} 46. Rxe8+ {[%emt 0:00:30]} Qxe8 {[%emt 0:00:30]} 47. Qf4 {[%emt 0:00:30]} Qc6 {[%emt 0:04:26]} 48. Qb8+ {[%emt 0:00:39]} Kf7 {[%emt 0:00:30]} 49. Qxa7+ {[%emt 0:00:30]} Ke8 {[%emt 0:03:04]} 50. Qb8+ {[%emt 0:01:06]} Kd7 {[%emt 0:00:30]} 51. Qf4 {[%emt 0:01:32]} Rh6 {[%emt 0:00:48]} 52. f3 {[%emt 0:00:30]} Rd6 {[%emt 0:00:30]} 53. Qf5+ {[%emt 0:00:35]} Ke8 {[%emt 0:00:30]} 54. Kg2 {[%emt 0:02:11]} Re6 {[%emt 0:00:30]} 55. g4 {[%emt 0:02:20]} Qb6 {[%emt 0:01:15]} 56. Qh5+ {[%emt 0:02:04]} Ke7 {[%emt 0:00:30]} 57. Qh4+ {[%emt 0:00:30]} Ke8 {[%emt 0:01:12]} 58. Qf2 {[%emt 0:00:32]} Qc7 {[%emt 0:00:31]} 59. a3 {[%emt 0:03:38]} Qe7 {[%emt 0:00:30]} 60. Qg3 {[%emt 0:00:55]} Re2+ {[%emt 0:00:44]} 61. Kf1 {[%emt 0:00:30]} Qe3 {[%emt 0:00:30]} 62. Qb8+ {[%emt 0:00:36]} Kf7 {[%emt 0:00:34]} 63. Qc7+ {[%emt 0:00:30]} Ke8 {[%emt 0:00:30]} 64. Qc8+ {[%emt 0:00:30]} Ke7 {[%emt 0:00:30]} 65. Bb4+ {[%emt 0:00:30]} Kf6 {[%emt 0:00:30]} 66. Qf5+ {[%emt 0:00:30]} Kg7 {[%emt 0:00:30]} 67. Bc3+ {[%emt 0:00:30]} Kg8 {[%emt 0:00:30]} 68. Qg6+ {[%emt 0:00:30]} 1-0

[Event "44th BAN-ch OMICON 2018"]
[Site "Dhaka"]
[Date "2018.11.28"]
[Round "5"]
[White "Mohammad Fahad, Rahman"]
[Black "Jabed Al Azad"]
[Result "1-0"]
[WhiteElo "2381"]
[BlackElo "2008"]
[Annotator "RC"]
[PlyCount "89"]
[EventDate "2018.11.24"]
[EventType "swiss"]
[EventCountry "BAN"]
[SourceTitle "playchess.com"]
[Source "ChessBase"]
[SourceQuality "1"]
[TimeControl "40/5400+30:1800+30"]

1. e4 {[%emt 1:30:30]} c6 {[%emt 1:30:30]} 2. d4 {[%emt 0:00:30]} d5 {[%emt 0:00:30]} 3. e5 {[%emt 0:00:30]} Bf5 {[%emt 0:00:30]} 4. Nf3 {[%emt 0:00:30]} e6 {[%emt 0:00:30]} 5. c3 {[%emt 0:00:30]} c5 {[%emt 0:00:30]} 6. Be3 {[%emt 0:00:30]} Qb6 {[%emt 0:00:30]} 7. Qd2 {[%emt 0:00:30]} f6 {[%emt 0:00:30]} 8. Nh4 {[%emt 0:00:30]} Bg4 {[%emt 0:00:30]} 9. Be2 {[%emt 0:00:30]} Bxe2 {[%emt 0:00:30]} 10. Qxe2 {[%emt 0:00:30]} cxd4 {[%emt 0:00:30]} 11. Bxd4 {[%emt 0:00:30]} Bc5 {[%emt 0:00:30]} 12. Bxc5 {[%emt 0:00:30]} Qxc5 {[%emt 0:00:30]} 13. exf6 {[%emt 0:00:30]} gxf6 {[%emt 0:00:30]} 14. Qxe6+ {[%emt 0:00:30]} Qe7 {[%emt 0:00:30]} 15. Qxe7+ {[%emt 0:00:30]} Nxe7 {[%emt 0:00:30]} 16. Na3 {[%emt 0:00:30]} Nbc6 {[%emt 0:00:30]} 17. O-O-O {[%emt 0:00:30]} Rd8 {[%emt 0:00:30]} 18. Rhe1 {[%emt 0:00:30]} Kf7 {[%emt 0:00:30]} 19. Nc2 {[%emt 0:00:30]} Rhg8 {[%emt 0:00:30]} 20. g3 {[%emt 0:00:30]} Rge8 {[%emt 0:00:30]} 21. Nd4 {[%emt 0:00:30]} Nxd4 {[%emt 0:00:30]} 22. Rxd4 {[%emt 0:00:30]} Rd7 {[%emt 0:00:30]} 23. Red1 {[%emt 0:00:30]} Rc7 {[%emt 0:00:30]} 24. Ng2 {[%emt 0:00:30]} Rd8 {[%emt 0:00:30]} 25. Nf4 {[%emt 0:00:30]} Rc5 {[%emt 0:00:30]} 26. Nd3 {[%emt 0:00:30]} Rc4 {[%emt 0:00:30]} 27. Ne5+ {[%emt 0:00:30]} fxe5 {[%emt 0:00:30]} 28. Rxc4 {[%emt 0:00:30]} Nc6 {[%emt 0:00:30]} 29. Rh4 {[%emt 0:00:30]} Kg6 {[%emt 0:00:30]} 30. b4 {[%emt 0:00:30]} a6 {[%emt 0:00:30]} 31. a4 {[%emt 0:00:30]} Ne7 {[%emt 0:00:30]} 32. Kb2 {[%emt 0:00:30]} Rf8 {[%emt 0:00:30]} 33. f4 {[%emt 0:00:30]} e4 {[%emt 0:00:30]} 34. Rg4+ {[%emt 0:00:30]} Kf6 {[%emt 0:00:30]} 35. Rg5 {[%emt 0:00:30]} h6 {[%emt 0:00:30]} 36. Re5 {[%emt 0:00:30]} Rc8 {[%emt 0:00:30]} 37. Kb3 {[%emt 0:00:30]} Rc6 {[%emt 0:00:30]} 38. g4 {[%emt 0:00:30]} b5 {[%emt 0:00:30]} 39. axb5 {[%emt 0:00:30]} axb5 {[%emt 0:00:30]} 40. Ra1 {[%emt 0:00:30]} Re6 {[%emt 0:00:30]} 41. Rxe6+ {[%emt 0:30:30]} Kxe6 {[%emt 0:30:30]} 42. Ra6+ {[%emt 0:00:30]} Kf7 {[%emt 0:00:30]} 43. Rxh6 {[%emt 0:00:30]} Ng6 {[%emt 0:00:30]} 44. Rh5 {[%emt 0:00:30]} e3 {[%emt 0:00:30]} 45. Kc2 {[%emt 0:00:30]} 1-0

[Event "44th BAN-ch OMICON 2018"]
[Site "Dhaka"]
[Date "2018.11.28"]
[Round "5"]
[White "Chatterjee, Debaraj"]
[Black "Reefat, Bin-Sattar"]
[Result "0-1"]
[WhiteElo "2277"]
[BlackElo "2437"]
[Annotator "TA"]
[PlyCount "42"]
[EventDate "2018.11.24"]
[EventType "swiss"]
[EventCountry "BAN"]
[SourceTitle "playchess.com"]
[Source "ChessBase"]
[SourceQuality "1"]

{[%evp 17,42,34,43,24,61,16,23,17,12,-103,-100,-98,-82,-111,-103,-160,-163,-167,-150,-156,-158,-298,-299,-315,-302,-29998,-29999]} 1. d4 e6 2. c4 b6 3. e4 Bb7 4. Bd3 Bb4+ 5. Kf1 (5. Bd2 Bxd2+ 6. Qxd2 f5 7. Nc3 Nf6 8. f3 Nc6 9. Nge2 fxe4 10. fxe4 e5 11. d5 Ne7 12. O-O O-O 13. Ng3 {0-1 (31) Riazantsev,A (2650)-Alekseev,E (2616) Riadh 2017}) 5... Be7 6. Nc3 {A40: Unusual replies to 1 d4} d6 7. Nf3 Nd7 {[%cal Bb8d7,Bd7f6,Bf6g4][%mdl 32]} 8. g3 Bf6 9. Kg2 Ne7 {LiveBook: 7 Games} 10. h4 a6 11. Bg5 h6 $146 ({Predecessor:} 11... c5 12. d5 h6 {1-0 (46) Gunina,V (2528)-Efroimski,M (2313) Batumi 2018}) 12. Bxf6 Nxf6 13. e5 (13. Re1 $11 {keeps the balance.}) 13... dxe5 $17 14. dxe5 {[#]} Ng4 $1 15. Re1 Qd4 $1 {[%cal Rd4f2]} 16. Ne4 (16. Qe2 $142 Nxe5 17. Be4 Bxe4 18. Nxe4 Nxf3 19. Qxf3) 16... Bxe4 $1 17. Bxe4 Qxf2+ 18. Kh3 {[#]} Nf5 $1 $40 {[%csl Gf5][%cal Rf2g3][%mdl 640] Black goes for the king.} 19. Bc6+ (19. Bxf5 $17 exf5 20. Qa4+ Kf8 21. Qc6) 19... Kf8 $19 {[%csl Gf5][%cal Rf2g3]} 20. Rg1 Nfe3 {( -> ...Qh2+!)} ({Stronger than} 20... Qxb2 21. Qc1 $16) 21. Qd7 $2 {[#]} (21. Qd2 $19 Qxd2 22. Nxd2) 21... Qh2+ $1 {[%mdl 576] Clearance. Accuracy: White = 14%, Black = 84%.} 0-1

[Event "44th BAN-ch OMICON 2018"]
[Site "Dhaka"]
[Date "2018.11.28"]
[Round "5"]
[White "Rahman, Taibur"]
[Black "Anata, Choudhury"]
[Result "1-0"]
[WhiteElo "2239"]
[BlackElo "2141"]
[Annotator "NA RC"]
[PlyCount "77"]
[EventDate "2018.11.24"]
[EventType "swiss"]
[EventCountry "BAN"]
[SourceTitle "playchess.com"]
[Source "ChessBase"]
[SourceQuality "1"]
[TimeControl "40/5400+30:1800+30"]

{[%evp 25,76,-81,-44,-61,-58,-63,32767,32767,-26,-38,-37,-33,-17,-34,32767,0,6,8,11,32767,2,-26,32767,3,32767,0,1,-117,32767,39,41,-22,32767,39,120,106,104,97,93,108,90,117,111,32767,231,259,32767,250,318,336,366,385,766]} 1. d4 {[%emt 0:00:00]} Nf6 {[%emt 0:00:34]} 2. Bg5 {[%emt 0:01:02]} c5 {[%emt 0:00:15]} 3. Bxf6 {[%emt 0:00:15]} gxf6 {[%emt 0:00:07]} 4. d5 {[%emt 0:01:47]} Qb6 {[%emt 0:00:17]} 5. Qc1 {[%emt 0:00:11]} f5 {[%emt 0:00:39]} 6. g3 {[%emt 0:03:32]} d6 {[%emt 0:02:23] A45: Trompowsky Attack} (6... Bg7 7. c3 Qf6 8. e3 Na6 9. Ne2 Nc7 10. Nf4 Bh6 11. c4 d6 12. Nc3 Bd7 13. Be2 a6 14. a4 b6 15. Nh5 {½-½ (66) Van Wely,L (2692)-Giri,A (2714) Wijk aan Zee 2012}) 7. Nd2 {[%emt 0:01:18]} Nd7 {[%emt 0:00:49]} 8. Bg2 {[%emt 0:00:41]} Nf6 {[%emt 0:00:39]} 9. Nh3 {[%emt 0:00:48]} h5 {[%emt 0:00:45]} 10. c3 {[%emt 0:01:47]} Bh6 {[%emt 0:02:03]} 11. Qc2 {[%emt 0:00:34]} Bd7 {[%emt 0:03:23]} 12. Nf4 {[%emt 0:01:16]} O-O-O {[%emt 0:10:34]} 13. Nc4 $146 {[%emt 0:18:40]} ({Predecessor:} 13. e3 e5 14. dxe6 fxe6 {0-1 (22) Schneider,I (2504)-Lalith,B (2586) Bad Wiessee 2016}) 13... Qc7 {[%emt 0:04:54]} 14. O-O-O {[%emt 0:06:54]} Ng4 {[%emt 0:25:48]} 15. e3 {[%emt 0:09:04]} h4 {[%emt 0:01:31]} 16. Bf3 {[%emt 0:06:28]} Ne5 {[%emt 0:13:44]} 17. Be2 {[%emt 0:03:37]} Kb8 {[%emt 0:00:39]} 18. Kb1 {[%emt 0:02:46]} Bc8 {[%emt 0:00:51]} 19. Ng2 {[%emt 0:01:05]} Bg5 {[%emt 0:13:23]} 20. f4 {[%emt 0:17:12]} h3 {[%emt 0:00:26]} 21. Ne1 {[%emt 0:02:10]} Nxc4 {[%emt 0:00:12]} 22. Bxc4 {[%emt 0:00:07]} Bf6 {[%emt 0:00:11]} 23. Bd3 {[%emt 0:06:23]} c4 {[%emt 0:01:46]} 24. Be2 {[%emt 0:03:04]} ({White should try} 24. Bxf5 $16 Bxf5 25. Qxf5) 24... Qc5 {[%emt 0:08:53]} 25. e4 {[%emt 0:02:07]} e5 {[%emt 0:01:14]} 26. dxe6 {[%emt 0:00:09]} (26. fxe5 $11 {keeps the balance.} dxe5 27. Rf1) 26... fxe6 {[%emt 0:01:16]} 27. exf5 {[%emt 0:01:12]} exf5 {[%emt 0:00:37]} 28. Nf3 {[%emt 0:01:23]} (28. Qd2 $14) 28... Be6 {[%emt 0:04:08]} 29. Qd2 {[%emt 0:03:45]} Bd7 {[%emt 0:00:59]} (29... d5 $14) 30. Qxd6+ {[%emt 0:01:00]} Qxd6 {[%emt 0:00:09]} 31. Rxd6 {[%emt 0:00:01]} Be7 {[%emt 0:00:12]} 32. Rd2 {[%emt 0:04:01]} Bc6 {[%emt 0:00:30]} 33. Rhd1 {[%emt 0:00:06]} Rxd2 {[%emt 0:00:46]} 34. Nxd2 {[%emt 0:00:43]} Rg8 {[%emt 0:01:31]} (34... Rd8 $16 {keeps fighting.}) 35. Nxc4 {[%emt 0:01:22]} ({Don't take} 35. Bxc4 $6 Rd8 $16) 35... Bc5 {[%emt 0:00:40]} 36. Ne5 {[%emt 0:00:15]} Be4+ {[%emt 0:00:12] [#]} 37. Bd3 $1 {[%emt 0:00:16]} Rd8 {[%emt 0:00:05]} 38. Kc2 {[%emt 0:00:16]} Bf3 $18 {[%emt 0:00:15]} (38... Bd5 39. Bxf5 Kc7) 39. Nxf3 {[%emt 0:00:06]} 1-0

[Event "44th BAN-ch OMICON 2018"]
[Site "Dhaka"]
[Date "2018.11.28"]
[Round "5"]
[White "Rahman, Syed Mahfuzur"]
[Black "Jamal Uddin"]
[Result "0-1"]
[WhiteElo "2224"]
[BlackElo "1950"]
[Annotator "TA"]
[PlyCount "66"]
[EventDate "2018.11.24"]
[EventType "swiss"]
[EventCountry "BAN"]
[SourceTitle "playchess.com"]
[Source "ChessBase"]
[SourceQuality "1"]

{[%evp 15,66,19,25,-20,-19,-14,-27,-14,-16,-23,-24,-56,-17,-127,-2,-14,-7,-16,0,-7,0,-8,-8,-12,0,-52,-47,-40,-31,-36,-46,-47,0,-26,-13,-92,-45,-88,-102,-89,15,14,6,-56,-56,-157,-154,-29994,-29995,-29995,-29995,-29995,-29996]} 1. e4 c5 2. Nf3 e6 3. d4 cxd4 4. Nxd4 Nc6 5. Nc3 Qc7 6. Be3 a6 7. Be2 Nf6 8. O-O b5 {LiveBook: 174 Games} 9. f3 {B49: Sicilian: Taimanov: 5 Nc3 Qc7 6 Be3 a6 7 Be2} (9. Nxc6 dxc6 10. f4 b4 11. Na4 c5 12. c3 Rb8 13. cxb4 Rxb4 14. Rc1 Nxe4 15. a3 Rb8 16. Bf3 Bb7 17. Bxe4 Bxe4 18. Bxc5 Rxb2 19. Nxb2 Bxc5+ {½-½ (50) Tan,Z (2530)-Dzagnidze,N (2519) Wenzhou 2018}) 9... Bb7 10. Kh1 h5 11. a3 $146 {Black has an edge.} ({Predecessor:} 11. Qe1 h4 12. Bd3 Nxd4 13. Bxd4 Nh5 14. Ne2 Bd6 15. f4 e5 16. Bxe5 Bxe5 17. fxe5 Qxe5 18. Qxh4 {½-½ (53) Estevez Jacome,J-Junquera,M Asturias 1996}) 11... Be7 12. Qe1 h4 13. Rd1 Ne5 14. a4 (14. Bg5 $11 {keeps the balance.}) 14... Nc4 (14... b4 $17 {Strongly threatening ...h3.} 15. Nb1 d5 16. exd5 h3) 15. Bc1 b4 16. Na2 d5 17. Bxc4 Qxc4 $40 {[%mdl 128] Black attacks.} (17... dxc4 {is more complex.} 18. Nxb4 Bd6 19. h3 Qc5 20. Nxe6 fxe6 21. Rxd6 Qxd6 22. e5 Qd7) 18. b3 Qc7 {[%cal Rd5e4]} 19. e5 Nd7 20. f4 (20. Nxb4 $11 Nxe5 21. Bf4) 20... h3 21. Nxb4 hxg2+ 22. Kxg2 Qb6 23. Na2 Nc5 {[%mdl 1024] Black has compensation.} (23... Rc8 $5 {[%cal Rc8c2]} 24. Nc3 Bb4 $11) 24. a5 Qc7 {With the idea ...Ne4.} 25. Qc3 (25. Ba3 $11) 25... Qd7 26. Qe3 Ne4 27. Nc3 {[#]} Nxc3 ({Black should try} 27... Qc7 $1 $17 28. Nxe4 dxe4) 28. Qxc3 $11 Rc8 29. Qe3 {[#]} (29. Qd3 $11) 29... Rxc2+ $1 $15 {[%mdl 512]} 30. Nxc2 ({Better is} 30. Rd2 $15 Rc8 31. Rd3) 30... d4+ $1 $17 31. Kg3 $2 (31. Kg1 $17 Qc6 32. Qf3 Qxf3 33. Rxf3 Bxf3 34. Rd2) 31... Bh4+ {Black mates.} 32. Kg4 f5+ ({Not} 32... dxe3 33. Rxd7 e2 34. Re1 $15) 33. exf6 gxf6 {Accuracy: White = 24%, Black = 62%.} (33... dxe3 $2 {perishes.} 34. Rxd7 Kxd7 35. Rd1+ Ke8 36. fxg7 $18) 0-1

[Event "44th BAN-ch OMICON 2018"]
[Site "Dhaka"]
[Date "2018.11.28"]
[Round "5"]
[White "Md., Sharif Hossain"]
[Black "Md, Sariatullah"]
[Result "1-0"]
[WhiteElo "2198"]
[BlackElo "2027"]
[Annotator "TA"]
[PlyCount "46"]
[EventDate "2018.11.24"]
[EventType "swiss"]
[EventCountry "BAN"]
[SourceTitle "playchess.com"]
[Source "ChessBase"]
[SourceQuality "1"]

{[%evp 24,46,44,-8,145,145,133,147,163,157,170,168,248,245,264,153,155,157,975,957,1421,1403,5410,2802,2073]} 1. e4 c5 2. Nf3 e6 3. d4 cxd4 4. Nxd4 a6 5. Bd3 Nf6 6. O-O Qc7 7. Be3 d6 8. f4 Nbd7 9. Nc3 b5 10. a3 Bb7 11. Qf3 Be7 12. Rae1 O-O 13. Qh3 {LiveBook: 3 Games. B82: Sicilian Scheveningen: 6 f4} (13. g4 $1 $14) (13. g4 g6 14. g5 Ne8 15. Qh3 e5 16. fxe5 Nxe5 17. Nd5 Bxd5 18. exd5 Ng7 19. Be4 Rfe8 20. Nc6 Bf8 {0-1 (41) Hunt,A (2424)-Jackson,J (2286) Llandudno 2017}) 13... g6 $2 (13... Nc5 $11) 14. f5 $16 exf5 $146 ({Predecessor:} 14... e5 15. Ne6 fxe6 16. fxg6 hxg6 17. Qxe6+ Rf7 18. Nd5 Bxd5 19. exd5 Nf8 20. Qh3 Qd7 {½-½ (31) Zapata Rios,J (2015)-Pellus Ruiz,J (2240) Barcelona 2002}) 15. exf5 {White is clearly better.} Ne5 16. fxg6 hxg6 {[#]} 17. Nf5 $1 $40 {[%cal Rf5e7][%mdl 640] White is out for blood.} Nfg4 {[#]} (17... Bd8 {keeps fighting.}) (17... gxf5 18. Rxf5) 18. Bd4 $1 $18 Bf6 19. Nh6+ ({White should try} 19. Ne4 $18 Bxe4 20. Rxe4 {[%mdl 64] Trapped Piece} (20. Bxe4 Rae8 $16)) 19... Nxh6 $16 20. Rxf6 Kg7 $2 {[#]} (20... Qe7 $16) 21. Rxd6 $1 $18 {[%mdl 512] White is clearly winning.} Rae8 (21... Qxd6 22. Bxe5+) 22. Rxe5 {Threatening mate with Re7+.} Rxe5 23. Bxe5+ Kh7 {Accuracy: White = 66%, Black = 13%.} 1-0

[Event "44th BAN-ch OMICON 2018"]
[Site "Dhaka"]
[Date "2018.11.28"]
[Round "5"]
[White "Mohammad, Javed"]
[Black "Nayem, Haque"]
[Result "1/2-1/2"]
[WhiteElo "2135"]
[BlackElo "2074"]
[Annotator "NA RC"]
[PlyCount "127"]
[EventDate "2018.11.24"]
[EventType "swiss"]
[EventCountry "BAN"]
[SourceTitle "playchess.com"]
[Source "ChessBase"]
[SourceQuality "1"]
[TimeControl "40/5400+30:1800+30"]

1. e4 {[%emt 0:00:00]} e6 {[%emt 0:00:00]} 2. d4 {[%emt 0:00:24]} d5 {[%emt 0:00:00]} 3. Nc3 {[%emt 0:00:07]} Nf6 {[%emt 0:00:00]} 4. e5 {[%emt 0:00:24]} Nfd7 {[%emt 0:00:00]} 5. f4 {[%emt 0:00:07]} c5 {[%emt 0:00:08]} 6. Nf3 {[%emt 0:00:06]} Nc6 {[%emt 0:00:06]} 7. Be3 {[%emt 0:00:11]} Qb6 {[%emt 0:01:37]} 8. Na4 {[%emt 0:08:04]} Qa5+ {[%emt 0:01:03]} 9. c3 {[%emt 0:00:01]} cxd4 {[%emt 0:03:21]} 10. b4 {[%emt 0:00:19]} Qd8 {[%emt 0:09:42]} 11. Nxd4 {[%emt 0:01:12] C11: French: Classical System: 4 e5 and 4 Bg5 dxe4} Nxd4 {[%emt 0:05:26]} 12. Bxd4 {[%emt 0:01:34]} Be7 {[%emt 0:03:09]} (12... Nb8 13. Bd3 Nc6 14. Bf2 g6 15. O-O Bh6 16. Qg4 b6 17. Bh4 Qd7 18. Bf6 O-O 19. Rf3 Nxb4 20. Rh3 Bg7 21. Qh5 gxh5 22. Rg3 {1-0 (22) Brkic,A (2565)-Bukal,V (2398) Pardubice 2017}) 13. Bd3 {[%emt 0:02:40]} Nb8 $146 {[%emt 0:16:39]} ({Predecessor:} 13... f5 14. exf6 Nxf6 15. O-O O-O 16. Qc2 b6 17. Rae1 Bb7 18. Nb2 Rc8 19. Rxe6 {1-0 (47) Arakhamia Grant,K (2376)-Herbold,M (2155) Douglas 2016}) 14. b5 {[%emt 0:18:16]} Nd7 {[%emt 0:02:24]} 15. O-O {[%emt 0:04:25]} g6 {[%emt 0:02:27]} 16. Rc1 {[%emt 0:14:03]} Ba3 {[%emt 0:08:31]} 17. Rc2 {[%emt 0:05:36]} Qa5 {[%emt 0:06:39]} 18. Re2 {[%emt 0:11:50]} (18. Rcf2 $16) 18... Nb6 {[%emt 0:11:01]} (18... a6 $11) 19. Nc5 {[%emt 0:01:12]} Nd7 {[%emt 0:03:37]} 20. Nb3 {[%emt 0:01:11]} Qc7 {[%emt 0:00:11]} 21. f5 {[%emt 0:02:40]} gxf5 {[%emt 0:05:52] [#]} 22. Bxf5 $1 {[%emt 0:00:03]} Nc5 {[%emt 0:00:09]} 23. Bc2 {[%emt 0:06:58]} Nxb3 {[%emt 0:00:56]} 24. axb3 {[%emt 0:01:58]} Bc5 {[%emt 0:00:52]} 25. Ref2 {[%emt 0:01:07]} Bd7 {[%emt 0:06:06]} 26. Rxf7 {[%emt 0:00:54]} O-O-O {[%emt 0:00:29]} 27. b4 {[%emt 0:09:17]} Bb6 {[%emt 0:00:39]} 28. Bxh7 {[%emt 0:00:43]} Qxe5 {[%emt 0:01:34]} 29. Bxb6 {[%emt 0:02:39]} axb6 {[%emt 0:00:06]} 30. Qd4 {[%emt 0:01:57]} Qxd4+ {[%emt 0:01:37]} 31. cxd4 {[%emt 0:00:02]} Bxb5 {[%emt 0:00:46] [#]} (31... Be8 $16 {was necessary.}) 32. R1f6 {[%emt 0:00:25]} (32. Rc1+ $1 $16 Bc4 33. Ra1) 32... Bd7 {[%emt 0:00:48]} 33. g4 {[%emt 0:01:42]} e5 {[%emt 0:04:22]} (33... Be8 $16 {was worth a try.}) 34. dxe5 {[%emt 0:01:07]} ({Don't take} 34. Rxb6 $6 Rhf8 $16) (34. g5 $18) 34... Bxg4 {[%emt 0:00:38]} 35. e6 {[%emt 0:01:15]} ({Better is} 35. Rxb6 $16 Rd7 36. Bg6) 35... Rde8 $2 {[%emt 0:00:14]} (35... Rhe8 $1 $14) 36. e7 {[%emt 0:01:38]} Kd7 {[%emt 0:03:27]} 37. Rxb6 {[%emt 0:00:02]} Kc7 {[%emt 0:00:11] [#]} 38. Rbf6 $2 {[%emt 0:00:24]} Kd7 {[%emt 0:00:09]} 39. Rb6 {[%emt 0:00:54]} Kc7 {[%emt 0:00:02] [#]} 40. Rh6 $1 $18 {[%emt 0:00:00]} d4 {[%emt 0:00:00] [#]} 41. b5 $11 {[%emt 0:05:14]} (41. Rh4 $1 $18 {[%cal Rh4g4]} Be6 42. Rg7) 41... d3 {[%emt 0:08:46]} 42. b6+ {[%emt 0:00:28]} Kd7 {[%emt 0:00:13]} 43. Rf4 {[%emt 0:11:46]} d2 {[%emt 0:12:35]} 44. Rd4+ {[%emt 0:02:07]} Kxe7 {[%emt 0:00:09]} 45. Rxd2 {[%emt 0:00:12]} Reg8 {[%emt 0:05:04]} 46. Rg2 {[%emt 0:06:01]} Rg7 {[%emt 0:01:17]} 47. Rg6 {[%emt 0:00:58]} Rxg6 {[%emt 0:02:56]} 48. Bxg6 {[%emt 0:00:01]} Bf3 {[%emt 0:00:55]} 49. Rg3 {[%emt 0:00:18]} Bd5 {[%emt 0:00:44]} 50. Bd3 {[%emt 0:03:02]} Rg8 {[%emt 0:02:39]} 51. Rxg8 {[%emt 0:02:13]} Bxg8 {[%emt 0:00:02]} 52. Be4 {[%emt 0:01:01]} Kd6 {[%emt 0:00:02]} 53. h4 {[%emt 0:00:48]} Bf7 {[%emt 0:00:06]} 54. Bxb7 {[%emt 0:00:14]} Kc5 {[%emt 0:00:01]} 55. Kf2 {[%emt 0:00:17]} Kxb6 {[%emt 0:00:06]} 56. Bf3 {[%emt 0:00:14]} Kc5 {[%emt 0:00:21]} 57. Ke3 {[%emt 0:00:18]} Kd6 {[%emt 0:00:07]} 58. Kf4 {[%emt 0:00:07]} Ke7 {[%emt 0:00:21]} 59. Kg5 {[%emt 0:00:17]} Kf8 {[%emt 0:00:03]} 60. Kh6 {[%emt 0:00:11]} Kg8 {[%emt 0:00:08]} 61. h5 {[%emt 0:00:06]} Kh8 {[%emt 0:00:12]} 62. Be4 {[%emt 0:00:17]} Bc4 {[%emt 0:00:08]} 63. Kg6 {[%emt 0:00:18]} Bf7+ {[%emt 0:00:12]} 64. Kxf7 {[%emt 0:00:10]} 1/2-1/2